Synthesis of pvc-co-pvac-co-pva/cu Nanocomposites with Improved Dielectric Performance / (Record no. 528445)
[ view plain ]
| 000 -LEADER | |
|---|---|
| fixed length control field | 00570nam a22001697a 4500 |
| 082 ## - DEWEY DECIMAL CLASSIFICATION NUMBER | |
| Classification number | 540 |
| 100 ## - MAIN ENTRY--PERSONAL NAME | |
| Personal name | Younas, Mehwish. |
| 245 ## - TITLE STATEMENT | |
| Title | Synthesis of pvc-co-pvac-co-pva/cu Nanocomposites with Improved Dielectric Performance / |
| Statement of responsibility, etc. | Mehwish Younas. |
| 260 ## - PUBLICATION, DISTRIBUTION, ETC. | |
| Place of publication, distribution, etc. | Islamabad: |
| Name of publisher, distributor, etc. | SNS - NUST, |
| Date of publication, distribution, etc. | 2017. |
| 300 ## - PHYSICAL DESCRIPTION | |
| Extent | 67 p.: ill,; |
| Dimensions | 30cm. |
| 650 ## - SUBJECT ADDED ENTRY--TOPICAL TERM | |
| Topical term or geographic name entry element | MS Thesis. |
| 700 ## - ADDED ENTRY--PERSONAL NAME | |
| Personal name | Dr. Ilyas Sarwar |
| 856 ## - Uniform Resource Identifier | |
| Uniform Resource Identifier | <a href="http://10.250.8.41:8080/xmlui/handle/123456789/3593">http://10.250.8.41:8080/xmlui/handle/123456789/3593</a> |
| 942 ## - ADDED ENTRY ELEMENTS (KOHA) | |
| Source of classification or shelving scheme | |
| Koha item type | Thesis |
| 650 ## - SUBJECT ADDED ENTRY--TOPICAL TERM | |
| -- | 18721 |
| 700 ## - ADDED ENTRY--PERSONAL NAME | |
| -- | 20249 |
| Withdrawn status | Lost status | Source of classification or shelving scheme | Damaged status | Not for loan | Permanent Location | Current Location | Shelving location | Date acquired | Total Checkouts | Full call number | Barcode | Date last seen | Price effective from | Koha item type |
|---|---|---|---|---|---|---|---|---|---|---|---|---|---|---|
| Central Library (CL) | Central Library (CL) | Thesis | 09/12/2019 | 540 | CL-T-2231 | 09/12/2019 | 09/12/2019 | Thesis |
